Stage Names of Rock & Pop Musicians - Statistics

General Stats
  • This quiz has been taken 128 times
  • The average score is 12 of 20
Answer Stats
Real Name A famous tune Answer % Correct
Farookh Bulsara Bohemian Rhapsody Freddie Mercury
95%
Gordon Sumner Every Breath You Take Sting
89%
Stefani Joanne Germanotta Bad Romance Lady Gaga
85%
Vincent Damon Furnier School's Out Alice Cooper
77%
Steven Victor Tallarico Dream On Steven Tyler
72%
David Robert Jones China Girl David Bowie
70%
Marvin Lee Aday Bat Out of Hell Meat Loaf
69%
James Marshall Hendricks Foxy Lady Jimi Hendrix
68%
Richard Wayne Penniman Tutti Frutti Little Richard
66%
Ian Fraser Kilmister Ace of Spades Lemmy
58%
Eileen Regina Edwards Man! I Feel Like a Woman Shania Twain
56%
George Alan O'Dowd Do You Really Want to Hurt Me? Boy George
55%
Chaim Witz Detroit Rock City Gene Simmons
55%
Abel Makkonen Tesfaye Blinding Lights The Weeknd
55%
Patricia Mae Giraldo Love Is a Battlefield Pat Benatar
53%
William Broad Mony Mony Billy Idol
43%
James Jewell Osterberg Jr. Lust for Life Iggy Pop
43%
David Howell Evans New Year's Day The Edge
38%
Calvin Broadus Jr. Young, Wild and Free Snoop Dogg
34%
Christine Perfect Don't Stop Christine McVie
28%
No matching quizzes found
Score Distribution
Percent of People with Each Score
Percentile by Number Answered
Your Score History
You have not taken this quiz